Mon 11 de légende de Ligue 1 - Statistiques

Statistiques générales
  • Ce quiz a été pris 248 fois
  • Le résultat moyen est 9 sur 11
Statistiques - réponses
Indice Joueur % Correct
Buteur,Uruguay, Paris Saint-Germain Edinson Cavani
98%
Buteur, Suède, Paris Saint-Germain Zlatan Ibrahimovic
97%
Ailier GaucheFrance, Paris Saint-Germain Kylian Mbappe
94%
Ailier droit Argentine, Paris Saint-Germain Angel Di Maria
91%
Défenseur Central Brésil, Paris Saint-Germain Marquinhos
91%
Milieu offensifBrésil, Olympique Lyonnais Juninho
90%
Défenseur CentralBrésil, Paris Saint-Germain Tiago Silva
87%
Défenseur GaucheBrésil, Paris Saint-Germain Maxwell
69%
Gardien de ButFrance, Paris Saint-Germain Bernard Lama
66%
milieu Offensif France, Girondin de Bordeaux Zinedine Zidane
64%
Défenseur droit France, Paris Saint-Germain Christophe Jallet
42%
Aucun quiz correspondant
Distribution des résultats
% des personnes avec chaque résultat
Percentile par nombre de réponses
Votre historique - résultats
Vous n’avez pas pris ce quiz